Ponadmilionowe miasta Europy - Statystyki

Ogólne statystyki
  • Ten quiz został rozwiązany 82 razy
  • Średni wynik to 26 z 34
Statystyki odpowiedzi
Państwo Odpowiedź % Poprawnych
Turcja Stambuł
100%
Hiszpania Barcelona
99%
Niemcy Berlin
99%
Wielka Brytania Londyn
99%
Hiszpania Madryt
99%
Rosja Moskwa
99%
Francja Paryż
99%
Polska Warszawa
99%
Austria Wiedeń
99%
Węgry Budapeszt
97%
Białoruś Mińsk
97%
Czechy Praga
97%
Włochy Rzym
97%
Rumunia Bukareszt
96%
Włochy Mediolan
93%
Niemcy Monachium
93%
Rosja Sankt Petersburg
93%
Ukraina Kijów
92%
Bułgaria Sofia
92%
Serbia Belgrad
89%
Niemcy Hamburg
89%
Ukraina Charków
75%
Wielka Brytania Birmingham
69%
Niemcy Kolonia
61%
Rosja Kazań
56%
Ukraina Odessa
55%
Rosja Rostów nad Donem
44%
Rosja Niżny Nowogród
38%
Rosja Wołgograd
37%
Rosja Ufa
28%
Rosja Samara
25%
Rosja Krasnodar
23%
Rosja Perm
23%
Rosja Woroneż
21%
Nie znaleziono quizów pasujących do podanych kryteriów
Rozkład punktacji
Procent ludzi z każdym wynikiem
Percentyl według liczby udzielonych odpowiedzi
Twoja historia wyników
Nie rozwiązałeś tego quizu